书目信息 |
| 题名: |
中华五千年
|
|
| 作者: | 艳齐 主编 | |
| 分册: | 上 | |
| 出版信息: | 北京 中内民族大学出版社 2002.07 |
|
| 页数: | 302页 | |
| 开本: | 20cm | |
| 丛书名: | 正史纵览 | |
| 单 册: | ||
| 中图分类: | K20 | |
| 科图分类: | ||
| 主题词: | 中国--通史 | |
| 电子资源: | ||
| ISBN: | 7-81056-661-X | |
| 000 | 00585nam0 2200217 450 | |
| 001 | 0733834572 | |
| 005 | 20070321092742.56 | |
| 010 | @a7-81056-661-X@dCNY22.50 | |
| 100 | @a20070321d2002 km y0chiy0120 ea | |
| 101 | 0 | @achi |
| 102 | @aCN@b110000 | |
| 200 | 1 | @a中华五千年@Azhong hua wu qian nian@h上@f艳齐主编@Fyan qi zhu bian |
| 210 | @a北京@c中内民族大学出版社@d2002.07 | |
| 215 | @a302页@d20cm | |
| 225 | 2 | @a正史纵览 |
| 410 | 0 | @12001 @a正史纵览 |
| 606 | 0 | @a中国@x通史 |
| 690 | @aK20@v3 | |
| 701 | 0 | @a艳齐@Ayan qi@4主编 |
| 801 | 0 | @aCN@c20070321 |
| 905 | @a10447@dK20@eY118:1 | |
| 中华五千年.上/艳齐主编.-北京:中内民族大学出版社,2002.07 |
| 302页;20cm.-(正史纵览) |
| ISBN 7-81056-661-X:CNY22.50 |
| ● |
| 相关链接 |
|
|
|
正题名:中华五千年
索取号:K20/Y118:1
 
预约/预借
| 序号 | 登录号 | 条形码 | 馆藏地/架位号 | 状态 | 备注 |
| 1 | 446688 | 204466880 | 社科库309/309社科库 105排5列4层/ [索取号:K20/Y118:1] | 在馆 | |
| 2 | 446689 | 204466899 | 社科库309/309社科库 105排5列4层/ [索取号:K20/Y118:1] | 在馆 |